[Event "Najdorf 2017"]
[Site "Warsaw POL"]
[Date "2017.07.09"]
[Round "1.1"]
[White "Bartel, Michal"]
[Black "Cheparinov, Ivan"]
[Result "0-1"]
[WhiteElo "2343"]
[BlackElo "2703"]

1. e4 c5 2. Nf3 d6 3. Bb5+ Nd7 4. O-O a6 5. Bd3 Ngf6 6. Re1 e6 7. c3 b5 8.
Bc2 Bb7 9. d4 Be7 10. Nbd2 Qc7 11. Nf1 O-O 12. Ng3 Rfc8 13. Bd3 Bf8 14. a4
bxa4 15. Rxa4 a5 16. Qe2 cxd4 17. cxd4 d5 18. e5 Ne4 19. Ra1 Bb4 20. Rf1 h6
21. Nh5 Qb6 22. Nh4 Bf8 23. Be3 Ba6 24. Bxa6 Qxa6 25. Qg4 Kh7 26. f3 Qd3
27. fxe4 Qxe3+ 28. Kh1 Qg5 29. Qxg5 hxg5 30. Rxf7 Nb6 31. Nf6+ Kh6 32. Ng8+
Kh5 33. Nf3 dxe4 34. Nd2 Bb4 35. Nf6+ Kg6 36. Rb7 gxf6 37. Nxe4 Nd5 38.
exf6 Nxf6 39. Nxf6 Kxf6 40. Rf1+ Kg6 41. Rbf7 Rc1 0-1

[Event "Najdorf 2017"]
[Site "Warsaw POL"]
[Date "2017.07.09"]
[Round "1.2"]
[White "Efimenko, Zahar"]
[Black "Lewtak, Damian"]
[Result "1/2-1/2"]
[WhiteElo "2643"]
[BlackElo "2341"]

1. Nf3 d5 2. g3 c6 3. Bg2 Bg4 4. O-O Nd7 5. d3 Ngf6 6. Nbd2 e5 7. e4 Bc5 8.
h3 Bxf3 9. Qxf3 dxe4 10. dxe4 O-O 11. a4 a5 12. Nc4 Qe7 13. Bd2 b6 14. Rfd1
Rfd8 15. h4 Nf8 16. Bc3 N6d7 17. Rd3 f6 18. Ne3 Bxe3 19. Qxe3 Nc5 20. Rxd8
Qxd8 21. f4 exf4 22. gxf4 Qc7 23. e5 f5 24. b4 axb4 25. Bxb4 Nce6 26. Bd6
Qf7 27. Bxc6 Rc8 28. Bd5 Rxc2 29. Bxf8 Kxf8 30. Qxb6 Qg6+ 31. Kf1 Nc7 32.
Qxg6 hxg6 33. Bf3 Rc4 34. a5 Rxf4 35. Kg2 Rxh4 36. a6 Rc4 37. a7 g5 38. Rb1
g4 39. Bd5 Ra4 40. Rb8+ Ke7 41. Rb7 Kd8 42. Bb3 Ra3 43. e6 g5 44. e7+ Kxe7
45. Rxc7+ Kd6 46. Rg7 Kc5 47. Rxg5 Rxa7 48. Rxf5+ Kb4 49. Bd1 Rd7 50. Bxg4
Rd2+ 51. Kf3 Kc3 52. Rc5+ Kd4 53. Rc8 Rd3+ 54. Kf4 Rd2 55. Bf3 Rd3 56. Be2
Rd2 57. Re8 Kc5 58. Ke3 Rd7 59. Bf3 Kd6 60. Kd4 Re7 61. Rf8 Rg7 62. Be4 Ke7
63. Ra8 Rg5 64. Ra6 Kf7 65. Bd5+ Ke7 66. Ke4 Rg7 67. Kf5 Kf8 68. Ke5 Ke7
69. Be4 Rg5+ 70. Bf5 Rg7 71. Ra8 Rf7 72. Rg8 Rf6 73. Rh8 Rf7 74. Rh1 Rg7
75. Rh2 Kf8 76. Kd6 Kf7 77. Be6+ Kf6 78. Rf2+ Kg5 79. Ke5 Kh6 80. Rh2+ Kg5
81. Rf2 Kh6 82. Bf5 Kg5 83. Ra2 Re7+ 84. Be6 Rg7 85. Rh2 Kg6 86. Kf4 Kf6
87. Bf5 Ke7 88. Ke5 Kf8 89. Ke6 Re7+ 90. Kd6 Rg7 91. Be6 Rg5 92. Rh7 Rg6
93. Rf7+ Kg8 94. Ke5 Rg7 95. Rf1+ Kh7 96. Kf6 Rg6+ 97. Kf7 Rg7+ 98. Kf8 Ra7
99. Bf7 Ra8+ 100. Be8 1/2-1/2

[Event "Najdorf 2017"]
[Site "Warsaw POL"]
[Date "2017.07.09"]
[Round "1.3"]
[White "Pacan-milej, Kosma"]
[Black "Kovalev, Vladislav"]
[Result "0-1"]
[WhiteElo "2332"]
[BlackElo "2639"]

1. d4 Nf6 2. c4 g6 3. Nf3 Bg7 4. g3 O-O 5. Bg2 d6 6. O-O Nbd7 7. Nc3 e5 8.
e4 c6 9. h3 Qb6 10. Re1 exd4 11. Nxd4 Ne8 12. Nb3 Ne5 13. Bf1 Be6 14. Be3
c5 15. Nd5 Bxd5 16. exd5 f5 17. f4 Nf7 18. Qc2 Nf6 19. Bd3 Rae8 20. Bf2 h5
21. Rxe8 Rxe8 22. Re1 Qd8 23. Nd2 h4 24. Nf1 Nh5 25. Qd2 Rxe1 26. Bxe1 Qf6
27. b3 hxg3 28. Bxg3 Qd4+ 29. Kg2 Bh6 30. Qe2 Nxf4+ 31. Bxf4 Bxf4 32. Ng3
Bxg3 33. Kxg3 Ne5 0-1

[Event "Najdorf 2017"]
[Site "Warsaw POL"]
[Date "2017.07.09"]
[Round "1.4"]
[White "Fridman, Daniel"]
[Black "Martin, Julian"]
[Result "1-0"]
[WhiteElo "2635"]
[BlackElo "2332"]

1. Nf3 Nf6 2. c4 e6 3. g3 d5 4. Bg2 dxc4 5. Qa4+ c6 6. Qxc4 b5 7. Qb3 Bb7
8. O-O Nbd7 9. d4 a6 10. Ne5 Nxe5 11. dxe5 Nd7 12. Rd1 Qb6 13. Bf4 Be7 14.
Nd2 c5 15. Nc4 Qa7 16. Bxb7 Qxb7 17. a4 Rb8 18. axb5 axb5 19. Nd6+ Bxd6 20.
Rxd6 O-O 21. Rad1 c4 22. Qb4 Nb6 23. Qxb5 Nd5 24. Qxb7 Rxb7 25. Bc1 Rbb8
26. Rc6 Rfc8 27. Rxc8+ Rxc8 28. Bd2 Kf8 29. e4 Nb6 30. Rc1 Na4 31. Rc2 Rb8
32. Bc1 Rb4 33. f3 Ke8 34. Kf1 Nc5 35. Bd2 Ra4 36. Ke2 Nb3 37. Be3 Kd7 38.
f4 Kc6 39. Kf3 Kb5 40. f5 Ra1 41. Kf4 Rd1 42. f6 g6 43. Kg5 Re1 44. Bf2
Rxe4 45. Kh6 Na5 46. Kg7 Nc6 47. Kxf7 Nxe5+ 48. Kg7 h5 49. f7 Nxf7 50. Kxf7
g5 51. Kg6 1-0

[Event "Najdorf 2017"]
[Site "Warsaw POL"]
[Date "2017.07.09"]
[Round "1.5"]
[White "Baskin, Robert"]
[Black "Piorun, Kacper"]
[Result "0-1"]
[WhiteElo "2330"]
[BlackElo "2632"]

1. e4 c6 2. d4 d5 3. Nd2 dxe4 4. Nxe4 Bf5 5. Ng3 Bg6 6. h4 h6 7. Nf3 e6 8.
Ne5 Bh7 9. Bd3 Bxd3 10. Qxd3 Nd7 11. f4 Bb4+ 12. c3 Be7 13. Bd2 Ngf6 14.
O-O-O O-O 15. Qe2 c5 16. f5 cxd4 17. Nxf7 Rxf7 18. fxe6 Rf8 19. exd7 Qxd7
20. Be1 Bc5 21. Qc4+ Qd5 22. Qxd5+ Nxd5 23. cxd4 Bb6 24. Ne4 Rf4 25. Nc3
Rc8 26. Kb1 Ne3 27. g3 Nxd1 28. gxf4 Ne3 29. d5 Rd8 30. Bf2 Nxd5 31. Bxb6
Nxb6 32. Re1 Kf7 33. Re4 Rd7 34. a4 Nc8 35. h5 Ne7 36. Re5 Nc6 37. Rc5 Rd4
38. Rf5+ Ke7 39. Ka2 b6 40. Ka3 Rd3 41. Ka2 Rh3 42. Rb5 Ke6 43. f5+ Kf7 44.
a5 Nxa5 45. Rd5 Ke7 46. Re5+ Kf8 47. Nb5 Nc6 48. Re4 a5 49. b3 Nb4+ 50. Kb2
Nd3+ 51. Kc2 Nc5 52. Re5 Nd7 53. Rd5 Ke7 54. Nd4 Rxh5 0-1

[Event "Najdorf 2017"]
[Site "Warsaw POL"]
[Date "2017.07.09"]
[Round "1.6"]
[White "Edouard, Romain"]
[Black "Nowak, Lukasz"]
[Result "1-0"]
[WhiteElo "2622"]
[BlackElo "2327"]
[PlyCount "109"]
[EventDate "2017.??.??"]

1. d4 Nf6 2. c4 g6 3. Nc3 Bg7 4. e4 d6 5. Nge2 O-O 6. Ng3 e5 7. d5 a5 8. Bd3
Na6 9. O-O h5 10. Bg5 Qe8 11. Qd2 Nh7 12. Bh6 Nc5 13. Bxg7 Kxg7 14. Bc2 Bd7 15.
Rae1 Qe7 16. Nge2 Rae8 17. b3 f5 18. f4 Qd8 19. a3 fxe4 20. Nxe4 Nxe4 21. Bxe4
b6 22. fxe5 Rxf1+ 23. Rxf1 Rxe5 24. Bc2 Qe7 25. Nf4 Nf8 26. h3 Kh7 27. Qf2 Bf5
28. Bxf5 Rxf5 29. Nxg6 Rxf2 30. Nxe7 Rxf1+ 31. Kxf1 Nd7 32. Ke2 Nc5 33. b4 axb4
34. axb4 Nd7 35. Ke3 Kh6 36. Nc6 Kg6 37. Na7 Nb8 38. Nb5 Na6 39. Ke4 Kf6 40.
Kf4 Kg6 41. Ke4 Kf6 42. g3 Kg6 43. Kd4 Kf5 44. Kc3 Ke4 45. g4 hxg4 46. hxg4 Kf4
47. Nd4 Kxg4 48. Nc6 Kf4 49. Kb3 Ke4 50. Ka4 Kd3 51. Kb5 Kc3 52. Kxa6 Kxc4 53.
Kb7 Kxd5 54. Kxc7 b5 55. Na5 1-0

[Event "Najdorf 2017"]
[Site "Warsaw POL"]
[Date "2017.07.09"]
[Round "1.7"]
[White "Paszewski, Mateusz"]
[Black "Dragun, Kamil"]
[Result "0-1"]
[WhiteElo "2323"]
[BlackElo "2621"]

1. e4 c5 2. Nf3 e6 3. Nc3 a6 4. d4 cxd4 5. Nxd4 Qc7 6. g3 b5 7. Bg2 b4 8.
Na4 Bb7 9. O-O Nf6 10. Re1 d6 11. c3 bxc3 12. Nxc3 Nbd7 13. Bg5 Be7 14. Rc1
Qb8 15. Nb3 Bd8 16. Na4 O-O 17. Bd2 a5 18. Nd4 Ne5 19. Re3 Ba6 20. Rb3 Qa7
21. Be1 Rb8 22. Rxb8 Qxb8 23. Bc3 Qa8 24. f3 Nd3 25. Rc2 e5 26. Nf5 Qa7+
27. Kh1 Nf2+ 28. Rxf2 Qxf2 29. Nxd6 Bc7 30. Nf5 Rd8 31. Qc1 Qe2 32. Ne3 Bb5
33. Nc5 Bb6 34. b4 Bxc5 35. bxc5 Rd3 36. Nf1 Rd1 0-1

[Event "Najdorf 2017"]
[Site "Warsaw POL"]
[Date "2017.07.09"]
[Round "1.8"]
[White "Jumabayev, Rinat"]
[Black "Lewicki, Miroslaw"]
[Result "1-0"]
[WhiteElo "2620"]
[BlackElo "2323"]

1. Nf3 c5 2. c4 Nc6 3. d4 cxd4 4. Nxd4 Qb6 5. Nb3 g6 6. Nc3 Bg7 7. e4 Nf6
8. Be2 d6 9. Be3 Qc7 10. Rc1 O-O 11. f3 b6 12. Qd2 Bb7 13. O-O Rac8 14.
Rfd1 Nd7 15. Nd5 Qd8 16. Bf1 Nc5 17. Nd4 Nxd4 18. Bxd4 Bxd4+ 19. Qxd4 e5
20. Qd2 f5 21. exf5 gxf5 22. Qh6 Bxd5 23. Rxd5 Rf6 24. Qg5+ Kf8 25. Rcd1
Qe7 26. Qd2 Nb7 27. f4 e4 28. Qd4 Qg7 29. b4 Rf7 30. Qe3 Qb2 31. a3 Re8 32.
Be2 Re6 33. Bh5 1-0

[Event "Najdorf 2017"]
[Site "Warsaw POL"]
[Date "2017.07.09"]
[Round "1.9"]
[White "Eggink, Ryszard"]
[Black "Mista, Aleksander"]
[Result "0-1"]
[WhiteElo "2322"]
[BlackElo "2599"]

1. e4 c5 2. Nf3 g6 3. c4 Nc6 4. Nc3 Bg7 5. d3 d6 6. g3 Bg4 7. h3 Bxf3 8.
Qxf3 e6 9. Bg2 Nge7 10. O-O O-O 11. Qd1 Rb8 12. Be3 Nd4 13. Qd2 a6 14. Bh6
b5 15. Bxg7 Kxg7 16. f4 Qa5 17. g4 bxc4 18. dxc4 f6 19. Kh2 e5 20. g5 Nec6
21. fxe5 fxe5 22. Rf6 Ne7 23. Rxd6 Rbd8 24. Rxd8 Qxd8 25. Nd5 Nec6 26. h4
Rf4 27. Kg1 Rxh4 28. Rf1 Ne6 29. Qf2 Nxg5 30. Qxc5 Nd4 31. Qc7+ Qxc7 32.
Nxc7 Nxe4 33. Bxe4 Rxe4 34. Nxa6 Ne2+ 35. Kf2 Nf4 36. b4 Rxc4 37. b5 Rc2+
38. Kf3 g5 39. Nb4 Re2 40. Rf2 e4+ 41. Kg3 Re3+ 42. Kh2 Rh3+ 43. Kg1 e3 44.
Rf1 Rg3+ 45. Kh1 e2 46. Re1 Rf3 47. Kg1 g4 48. b6 g3 49. b7 Rf2 0-1

[Event "Najdorf 2017"]
[Site "Warsaw POL"]
[Date "2017.07.09"]
[Round "1.10"]
[White "Tomczak, Jacek"]
[Black "Urazayev, Arystanbek"]
[Result "1-0"]
[WhiteElo "2596"]
[BlackElo "2322"]

1. e4 e5 2. Nf3 Nc6 3. d4 exd4 4. Nxd4 Bb4+ 5. c3 Bc5 6. Be3 Bb6 7. Qg4 Nf6
8. Qxg7 Rg8 9. Qh6 Rg6 10. Qf4 Rg4 11. Qf3 Ne5 12. Qe2 d5 13. f3 Rg6 14.
Bf4 Ned7 15. Nd2 Kf8 16. O-O-O Nc5 17. e5 Nh5 18. Be3 Ne6 19. Nxe6+ Bxe6
20. g4 Ng7 21. Ne4 Qe8 22. Nf6 Qa4 23. a3 Rd8 24. h4 h5 25. Bxb6 axb6 26.
Rd4 Qb3 27. Qc2 Qxc2+ 28. Kxc2 c5 29. Ra4 d4 30. Bd3 Rh6 31. cxd4 cxd4 32.
g5 Rh8 33. Rb4 Bf5 34. Rxb6 Bxd3+ 35. Kxd3 Ne6 36. Rc1 Kg7 37. Rd6 Kg6 38.
Ke4 b6 39. b4 Ra8 40. f4 Kg7 41. f5 1-0

[Event "Najdorf 2017"]
[Site "Warsaw POL"]
[Date "2017.07.09"]
[Round "1.11"]
[White "Schroeder, Kevin"]
[Black "Sengupta, Deep"]
[Result "1/2-1/2"]
[WhiteElo "2321"]
[BlackElo "2596"]

1. e4 e5 2. Nf3 Nc6 3. Bb5 a6 4. Bxc6 dxc6 5. O-O f6 6. d4 exd4 7. Nxd4 c5
8. Ne2 Qxd1 9. Rxd1 Bd7 10. Bf4 O-O-O 11. Nbc3 Ne7 12. Rd2 Bc6 13. Rxd8+
Kxd8 14. Rd1+ Kc8 15. Be3 Ng6 16. Nd5 Bd6 17. Ng3 Re8 18. f3 Ne5 19. Nf5
Bf8 20. Bf4 b6 21. h4 a5 22. h5 a4 23. h6 Bxd5 24. hxg7 Bxa2 25. gxf8=Q
Rxf8 26. Ra1 Be6 27. Rxa4 Kb7 28. Ra1 Nc4 29. b3 Na5 30. Kf2 Rf7 31. Bd2
Nc6 32. Bc3 Bxf5 33. exf5 Nd4 34. Bxd4 cxd4 35. g4 Rd7 36. Rh1 Kc6 37. Rh6
Rf7 38. g5 Kd5 39. g6 hxg6 40. fxg6 Rg7 41. Rh7 Rxg6 42. Rxc7 f5 43. Rf7
Ke5 44. Rc7 Re6 45. c3 dxc3 46. Rxc3 Rd6 47. Rc4 Rd4 48. Rc3 Kf4 49. Ke2
Kg3 50. Ke3 Rd6 51. b4 f4+ 52. Ke4 Re6+ 53. Kd5 Re3 54. Rc6 b5 55. Rb6 Kxf3
56. Rxb5 Ke2 57. Ra5 f3 58. Ra2+ Kf1 59. b5 f2 60. b6 Kg1 61. Rxf2 1/2-1/2

[Event "Najdorf 2017"]
[Site "Warsaw POL"]
[Date "2017.07.09"]
[Round "1.12"]
[White "Aleksandrov, Aleksej"]
[Black "Srinath, Rao S.v."]
[Result "1-0"]
[WhiteElo "2581"]
[BlackElo "2321"]

1. d4 Nf6 2. c4 g6 3. Nc3 Bg7 4. e4 d6 5. h3 O-O 6. Be3 Nbd7 7. Nf3 c5 8.
Be2 cxd4 9. Nxd4 Nc5 10. Qc2 a5 11. O-O Bd7 12. Rfd1 Rc8 13. Rac1 Qc7 14.
b3 Qb8 15. a3 e5 16. Ndb5 Bxb5 17. Nxb5 Ncxe4 18. Qb1 h6 19. h4 b6 20. Bf3
d5 21. cxd5 Nd6 22. Nxd6 Qxd6 23. Rc6 Qxa3 24. Bxb6 Nd7 25. Bc7 Qb4 26. h5
Qh4 27. hxg6 f5 28. g3 Qg5 29. Bxa5 e4 30. Bd2 Qd8 31. Be2 Ne5 32. Bf4 Nxc6
33. dxc6 Qb6 34. Bc4+ Kh8 35. Bd5 Rf6 36. b4 Rcxc6 37. Bxc6 Rxc6 38. Rd5
Bd4 39. Rxf5 Bxf2+ 40. Kg2 Rxg6 41. Be5+ Kg8 42. Qa2+ 1-0

[Event "Najdorf 2017"]
[Site "Warsaw POL"]
[Date "2017.07.09"]
[Round "1.13"]
[White "Yelisieiev, Yevhenii"]
[Black "Heberla, Bartlomiej"]
[Result "0-1"]
[WhiteElo "2317"]
[BlackElo "2577"]

1. d4 g6 2. Nf3 Bg7 3. g3 c5 4. c3 Qa5 5. Bg2 cxd4 6. Nxd4 Nf6 7. O-O O-O
8. Nd2 Nc6 9. e4 d6 10. Nxc6 bxc6 11. e5 dxe5 12. Bxc6 Rb8 13. Nb3 Qc7 14.
Bg2 a5 15. Re1 Ba6 16. Qf3 a4 17. Nd2 a3 18. b3 Bb7 19. Qe2 Bxg2 20. Kxg2
Nd5 21. Bxa3 Nxc3 22. Qe3 Qb7+ 23. Kg1 Nd5 24. Qe2 e4 25. Qxe4 Bxa1 26.
Rxa1 Nc3 27. Qe5 Rbc8 28. Nc4 Nd5 29. Bb2 f6 30. Qe6+ Kg7 31. Re1 Rfd8 32.
h4 Qc6 33. Qg4 h5 34. Qe4 Rd7 35. Ba3 e5 36. Rc1 Nb6 37. Qe2 Nxc4 38. Rxc4
Qa6 39. Bc1 Kf7 40. Kh2 Rxc4 41. bxc4 Rc7 42. Qb2 Qxc4 43. Bh6 Kg8 44. Be3
Kg7 45. Qb8 Rc8 46. Qd6 Qc7 47. Qa6 Qc6 48. Qa7+ Rc7 49. Qb8 Qb7 50. Qe8
Rd7 51. f3 Rd1 52. g4 hxg4 53. h5 gxh5 54. Qxh5 Rh1+ 55. Kxh1 Qxf3+ 56. Kg1
Qxe3+ 57. Kg2 Qe2+ 58. Kg1 Qd1+ 59. Kg2 Qd5+ 60. Kg1 Qd4+ 61. Kg2 Qb2+ 62.
Kg3 Qa3+ 63. Kxg4 Qxa2 64. Kf5 Qc2+ 65. Ke6 Qg6 66. Qd1 Qe8+ 67. Kf5 Qc8+
68. Ke4 Qh3 69. Qg1+ Kf7 70. Qa7+ Kg6 71. Qe7 Qg2+ 72. Ke3 Qc6 73. Qf8 Qe6
74. Qa8 f5 75. Qf8 Qb3+ 76. Kf2 Qc2+ 77. Kf1 Qd3+ 78. Kf2 Qd4+ 79. Ke2 Qc4+
80. Kf2 Qf7 81. Qb8 Qe6 82. Qb1 e4 83. Qg1+ Kf6 84. Qb1 Qd6 85. Qa1+ Qe5
86. Qa8 Qc5+ 87. Ke2 Qc2+ 88. Ke1 Kg5 89. Qh8 Kg4 90. Qh7 Qc3+ 91. Ke2 Qd3+
92. Ke1 Qe3+ 93. Kd1 Qf3+ 94. Ke1 Qg3+ 95. Ke2 Qd3+ 96. Ke1 Qc3+ 97. Ke2
Qb2+ 98. Ke1 Qf6 99. Ke2 Kg3 100. Qg8+ Kf4 101. Qb8+ Qe5 102. Qb6 Kg5 103.
Qd8+ Qf6 104. Qg8+ Kh6 105. Qb8 f4 106. Qe8 Qa6+ 107. Kd1 Qd6+ 108. Ke1
Qb4+ 109. Kf1 Qc4+ 110. Kg1 Qd4+ 111. Kh1 Qd1+ 112. Kg2 Qe2+ 113. Kg1 Qd1+
114. Kf2 e3+ 115. Kg2 Qe2+ 116. Kg1 Qf2+ 117. Kh1 Qh4+ 118. Kg2 Qg3+ 119.
Kh1 Qg6 120. Qh8+ Kg5 121. Qd8+ Qf6 122. Qg8+ Kh4 123. Qh7+ Kg4 124. Qg8+
Qg5 125. Qe6+ Kg3 126. Qh3+ Kf2 127. Qh2+ Ke1 128. Qh8 e2 129. Qc3+ Kf2
130. Qd4+ Kg3 131. Qd3+ f3 132. Qd6+ Kf2 133. Qd4+ Kf1 134. Qa1+ e1=Q 135.
Qa6+ Kf2+ 0-1

[Event "Najdorf 2017"]
[Site "Warsaw POL"]
[Date "2017.07.09"]
[Round "1.14"]
[White "Indjic, Aleksandar"]
[Black "Bednarek, Sylwester"]
[Result "1-0"]
[WhiteElo "2575"]
[BlackElo "2309"]

1. d4 e6 2. Nf3 f5 3. g3 Nf6 4. Bg2 d5 5. c4 c6 6. O-O Bd6 7. b3 Qe7 8. Bb2
O-O 9. Nbd2 b6 10. Ne5 Bb7 11. Rc1 Na6 12. e3 Rac8 13. Qe2 Ba3 14. Bxa3
Qxa3 15. Nb1 Qb4 16. Qb2 Qe7 17. Nc3 dxc4 18. bxc4 c5 19. d5 Nb4 20. d6
Qxd6 21. Nb5 Qb8 22. Bxb7 Qxb7 23. Nd6 Qa8 24. Nxc8 Rxc8 25. Rfd1 Qe4 26.
a3 Nc6 27. Nxc6 Rxc6 28. Rd8+ Kf7 29. Rcd1 Kg6 30. h3 Qxc4 31. R1d7 e5 32.
Qxe5 Re6 33. Qb2 Nxd7 34. Rxd7 Rf6 35. Rxa7 Qd5 36. h4 c4 37. a4 Kh6 38.
Rc7 Rg6 39. Qc1 Kh5 40. Rxc4 Rg4 41. Rc7 h6 42. Qa1 g6 43. Rh7 Qg8 44. Rh8
Qf7 45. Kh2 Qe7 46. Qd1 Qe5 47. Rd8 Qb2 48. Rd2 Qa3 49. f3 Rxa4 50. f4# 1-0

[Event "Najdorf 2017"]
[Site "Warsaw POL"]
[Date "2017.07.09"]
[Round "1.15"]
[White "Mulet, Piotr"]
[Black "Zhigalko, Andrey"]
[Result "0-1"]
[WhiteElo "2307"]
[BlackElo "2564"]

1. e4 c5 2. c3 d5 3. exd5 Qxd5 4. d4 Nf6 5. Nf3 e6 6. Be3 Nbd7 7. c4 Qd6 8.
Nc3 cxd4 9. Nxd4 a6 10. Be2 Qc7 11. Qc2 b6 12. O-O-O Bb7 13. Rhg1 Bb4 14.
g4 Bxc3 15. Qxc3 O-O 16. g5 Ne4 17. Qc2 Rac8 18. Rg4 Nd6 19. Rh4 g6 20. b3
e5 21. Qd2 Ne4 22. Rxe4 Bxe4 23. Ne6 fxe6 24. Qxd7 Qxd7 25. Rxd7 b5 26. Kb2
Bc6 27. Ra7 Ra8 28. Rc7 Bf3 29. Bxf3 Rxf3 30. c5 Rf7 31. Rc6 Re7 32. Rb6
Kf7 33. Kc3 Rc7 34. Kb4 Ke7 35. Ka5 Kd7 36. Rd6+ Ke7 37. b4 Rca7 38. a3 Rb8
39. Rb6 Rba8 40. Rd6 Rb8 41. h3 Raa8 42. Rc6 Kd7 43. Rd6+ Kc7 44. Rxe6 Re8
45. Rf6 Rf8 46. Re6 Rfe8 47. Rf6 Rf8 48. Re6 Rfe8 0-1

[Event "Najdorf 2017"]
[Site "Warsaw POL"]
[Date "2017.07.09"]
[Round "1.16"]
[White "Sadzikowski, Daniel"]
[Black "Kujawski, Adam"]
[Result "1-0"]
[WhiteElo "2563"]
[BlackElo "2300"]

1. e4 e5 2. Nf3 Nc6 3. Bb5 a6 4. Ba4 Nf6 5. O-O Be7 6. Re1 b5 7. Bb3 O-O 8.
c3 d5 9. exd5 Nxd5 10. Nxe5 Nxe5 11. Rxe5 c6 12. d3 Bd6 13. Re1 Bf5 14. Qf3
Qh4 15. g3 Qh3 16. Be3 Bg4 17. Qg2 Qh5 18. Nd2 Kh8 19. Bxd5 cxd5 20. f3 Bd7
21. Nb3 Rac8 22. Qf2 Qg6 23. Bc5 Bf5 24. Bxd6 Qxd6 25. Qd4 Rfe8 26. Kf2 h6
27. Rxe8+ Rxe8 28. Re1 Rd8 29. Re3 f6 30. a3 Rc8 31. Qb4 Qb6 32. Nd4 Bg6
33. Ke2 a5 34. Qxb5 Qxb5 35. Nxb5 a4 36. Kd2 Rb8 37. c4 Be8 38. Kc1 Bxb5
39. cxb5 Rxb5 40. Re8+ Kh7 41. Ra8 Rc5+ 42. Kb1 d4 43. Rxa4 Rd5 44. Rc4 g5
45. a4 h5 46. b4 Rf5 47. a5 Rxf3 48. a6 Rxd3 49. Kb2 Re3 50. a7 Re2+ 51.
Kb1 1-0

[Event "Najdorf 2017"]
[Site "Warsaw POL"]
[Date "2017.07.09"]
[Round "1.17"]
[White "Hacker, Jonas"]
[Black "Dziuba, Marcin"]
[Result "0-1"]
[WhiteElo "2297"]
[BlackElo "2561"]

1. e4 c5 2. Nf3 d6 3. d4 cxd4 4. Nxd4 Nf6 5. Nc3 a6 6. Bg5 e6 7. f4 h6 8.
Bh4 Qb6 9. a3 Nbd7 10. Bf2 Qc7 11. Qf3 b5 12. O-O-O Bb7 13. Bd3 Be7 14. Kb1
Nb6 15. g4 Nc4 16. Bxc4 Qxc4 17. g5 hxg5 18. fxg5 Nd7 19. g6 fxg6 20. Qg4
Nf8 21. Rd3 e5 22. Nb3 Qe6 23. Qg2 Rc8 24. h4 Rh6 25. Na5 Ba8 26. Nd5 Bxd5
27. Rxd5 g5 28. hxg5 Rxh1+ 29. Qxh1 Qg4 30. Be3 Ne6 31. Nb7 Kd7 32. a4 Qe2
33. Qd1 Qxd1+ 34. Rxd1 bxa4 35. Rd3 Rc4 36. b3 axb3 37. cxb3 Rxe4 38. Bc5
Nd4 39. Bxd4 Rxd4 40. Rxd4 exd4 41. g6 d5 0-1

[Event "Najdorf 2017"]
[Site "Warsaw POL"]
[Date "2017.07.09"]
[Round "1.18"]
[White "Czarnota, Pawel"]
[Black "Kucza, Karol"]
[Result "1-0"]
[WhiteElo "2557"]
[BlackElo "2297"]

1. e4 e5 2. Nf3 Nc6 3. Bc4 Nf6 4. d3 Bc5 5. c3 d6 6. O-O O-O 7. a4 d5 8.
exd5 Nxd5 9. Re1 Nb6 10. Bb5 f6 11. a5 Nd5 12. Bc4 Kh8 13. b4 Be7 14. Qb3
Nf4 15. b5 Nb8 16. Bxf4 exf4 17. Nbd2 a6 18. Nd4 axb5 19. Qxb5 Bd6 20. N2f3
Na6 21. Qh5 Qd7 22. Ne6 Qe8 23. Qxe8 Rxe8 24. Neg5 Rxe1+ 25. Rxe1 g6 26.
Re8+ Kg7 27. Rg8+ Kh6 28. Nf7+ Kh5 29. Rh8 g5 30. Nxd6 cxd6 31. Be6 Bxe6
32. Rxa8 Nc5 33. Rd8 1-0

[Event "Najdorf 2017"]
[Site "Warsaw POL"]
[Date "2017.07.09"]
[Round "1.19"]
[White "Winiarski, Mikolaj"]
[Black "Markowski, Tomasz"]
[Result "0-1"]
[WhiteElo "2295"]
[BlackElo "2557"]

1. d4 Nf6 2. Bg5 e6 3. Nd2 h6 4. Bh4 c5 5. e3 b6 6. Bd3 Bb7 7. Bxf6 Qxf6 8.
Ngf3 Nc6 9. c3 Qd8 10. Qe2 a6 11. a3 b5 12. b4 c4 13. Bc2 Be7 14. O-O O-O
15. e4 d6 16. Rfe1 Nb8 17. e5 Nd7 18. Ne4 Qc7 19. Rad1 Rfd8 20. exd6 Bxd6
21. h4 Be7 22. Bb1 Qf4 23. g3 Qg4 24. Kg2 a5 25. Qe3 axb4 26. axb4 Bd5 27.
Nh2 Qh5 28. f3 f5 29. Nf2 Bd6 30. Nh3 Ra3 31. Qd2 Nf6 0-1

[Event "Najdorf 2017"]
[Site "Warsaw POL"]
[Date "2017.07.09"]
[Round "1.20"]
[White "Kveinys, Aloyzas"]
[Black "Villegas, Pierre"]
[Result "1-0"]
[WhiteElo "2542"]
[BlackElo "2295"]

1. d4 Nf6 2. c4 e6 3. g3 d5 4. Nf3 Be7 5. Bg2 O-O 6. O-O dxc4 7. Qc2 a6 8.
a4 Bd7 9. Qxc4 Bc6 10. Bg5 Bd5 11. Qc2 Be4 12. Qd1 c5 13. Nbd2 Bc6 14. Nc4
Bd5 15. Ne3 Be4 16. dxc5 Bxc5 17. Qb3 Nc6 18. Rac1 b6 19. Rfd1 Qe7 20. Ng4
h5 21. Nxf6+ gxf6 22. Bh4 Kg7 23. Qc4 Bg6 24. Nd2 Ne5 25. Qf4 Rac8 26. Nb3
Ng4 27. Nxc5 Rxc5 28. Rxc5 Qxc5 29. h3 e5 30. b4 Qc2 31. Qd2 Nh6 32. Qxc2
Bxc2 33. Rd6 Ng8 34. a5 bxa5 35. bxa5 Rb8 36. Rxa6 Rb1+ 37. Kh2 Ra1 38. Bd5
Ra4 39. Ra7 Nh6 40. a6 Bd1 41. Bf3 Nf5 42. Rd7 Nd4 43. Bxh5 Rxa6 44. Rxf7+
Kh6 45. g4 Bxe2 46. Rxf6+ Rxf6 47. Bxf6 1-0

[Event "Najdorf 2017"]
[Site "Warsaw POL"]
[Date "2017.07.09"]
[Round "1.21"]
[White "Rahul, Srivatshav P"]
[Black "Lalith, Babu M R"]
[Result "1-0"]
[WhiteElo "2295"]
[BlackElo "2530"]

1. d4 Nf6 2. c4 e6 3. Nc3 Bb4 4. e3 O-O 5. Ne2 c6 6. a3 Ba5 7. Ng3 d5 8.
Bd3 c5 9. O-O Nbd7 10. cxd5 exd5 11. Bc2 Re8 12. Nce2 Bc7 13. dxc5 Nxc5 14.
b4 Nce4 15. Bb2 Qe7 16. Nf4 Rd8 17. Ngh5 Be5 18. Nxf6+ Nxf6 19. Bd4 Bg4 20.
f3 Bd7 21. Rc1 a5 22. Bb6 Re8 23. bxa5 Bc6 24. Qd3 Qd6 25. Bb1 g6 26. Bc5
Qd7 27. Qd2 Qc7 28. Bb6 Qb8 29. Qd3 Nd7 30. Nxd5 Nxb6 31. axb6 Bxh2+ 32.
Kh1 Be5 33. Nb4 Ba4 34. f4 Rd8 35. Qe4 Bd6 36. Nd5 Ra5 37. f5 Bc6 38. fxg6
fxg6 39. Qe6+ Kh8 40. Rf7 1-0

[Event "Najdorf 2017"]
[Site "Warsaw POL"]
[Date "2017.07.09"]
[Round "1.22"]
[White "Jakubowski, Krzysztof"]
[Black "Miroshnichenko, Pavel"]
[Result "1/2-1/2"]
[WhiteElo "2518"]
[BlackElo "2294"]

1. d4 d5 2. c4 c6 3. e3 Nf6 4. Nf3 g6 5. b3 Bg7 6. Bb2 O-O 7. Nbd2 Bf5 8.
Be2 Ne4 9. Nxe4 Bxe4 10. O-O c5 11. Qd2 cxd4 12. Bxd4 Bxd4 13. exd4 Nc6 14.
Rfd1 Qd6 15. c5 Qf6 16. b4 a6 17. Qc3 Rad8 18. Ne5 Nxe5 19. dxe5 Qg5 20. f3
d4 21. Qd2 Qxd2 22. Rxd2 Bc6 23. Bc4 d3 24. Rc1 Rd4 25. Rxd3 Rxd3 26. Bxd3
Rd8 27. Bf1 Rd2 28. a3 g5 29. Re1 Kg7 30. Re3 h5 31. Be2 Ra2 32. h4 gxh4
33. f4 Kg6 34. Bf3 Kf5 35. Bxc6 bxc6 36. Kh2 Kxf4 37. Rf3+ Kg4 38. Rxf7 h3
39. Rxe7 Rxg2+ 40. Kh1 Ra2 41. Rg7+ Kf5 1/2-1/2

[Event "Najdorf 2017"]
[Site "Warsaw POL"]
[Date "2017.07.09"]
[Round "1.23"]
[White "Heinemann, Josefine"]
[Black "Warakomski, Tomasz"]
[Result "0-1"]
[WhiteElo "2294"]
[BlackElo "2518"]

1. e4 c5 2. Nf3 d6 3. d4 cxd4 4. Nxd4 Nf6 5. Nc3 a6 6. Bg5 e6 7. f4 Be7 8.
Qf3 h6 9. Bh4 Qc7 10. O-O-O Nbd7 11. Be2 Rb8 12. g4 b5 13. Bxf6 Bxf6 14.
Bxb5 Bxd4 15. Bxd7+ Bxd7 16. Rxd4 Qb6 17. Qd3 Qxb2+ 18. Kd2 Bb5 19. Qe3 O-O
20. Rb1 Qa3 21. Nxb5 Qa5+ 22. Qc3 Rxb5 23. Rxb5 Qxb5 24. Rxd6 Qf1 25. Qe3
Rc8 26. h3 Qg2+ 27. Kd1 Qxc2+ 28. Ke1 Rc3 29. Qd4 Qb1+ 30. Kf2 Qxa2+ 0-1

[Event "Najdorf 2017"]
[Site "Warsaw POL"]
[Date "2017.07.09"]
[Round "1.24"]
[White "Golubov, Saveliy"]
[Black "Prithu, Gupta"]
[Result "1-0"]
[WhiteElo "2516"]
[BlackElo "2293"]

1. d4 d5 2. Bf4 Nf6 3. e3 c5 4. c3 Nc6 5. Nd2 cxd4 6. exd4 Bf5 7. Ngf3 e6
8. Qb3 Qc8 9. Nh4 Be4 10. Nxe4 Nxe4 11. Be3 Be7 12. g3 O-O 13. Ng2 Na5 14.
Qc2 Nc4 15. Bc1 Qc6 16. Bd3 e5 17. f3 Nf6 18. O-O exd4 19. cxd4 Bd8 20. b3
Na5 21. Qd2 Bb6 22. Bb2 Qd7 23. Ne3 Nc6 24. Nf5 Ne7 25. Nxe7+ Qxe7 26. a4
a6 27. Kg2 Rfe8 28. Rfe1 Qd6 29. Ba3 Qd7 30. Qb4 Ba7 31. Re5 a5 32. Qc3
Rac8 33. Qb2 Rxe5 34. dxe5 Ne8 35. Qd2 Bd4 36. Bb5 Qf5 37. Rc1 Bxe5 38. g4
Qe6 39. Re1 Nd6 40. Bd7 Qxd7 41. Rxe5 Ne8 42. Rxd5 Qe6 43. Rd3 h5 44. gxh5
Qf5 45. h6 Qg6+ 46. Kf1 Qxh6 47. Qxh6 gxh6 48. Bb2 Rc2 49. Be5 Rc6 50. Rd8
Kf8 51. Rb8 Rb6 52. Bd4 Rxb3 53. Bc5+ Kg7 54. Rxe8 Rxf3+ 55. Kg2 Rf4 56.
Rb8 Rxa4 57. Rxb7 Rc4 58. Bd6 Rc6 59. Be5+ Kg6 60. Ra7 Rc5 61. Ra6+ Kh7 62.
Bd6 Rc2+ 63. Kf3 Ra2 64. Bf4 h5 65. Ke4 a4 66. Kf5 a3 67. Ra8 Ra1 68. Be5
Rf1+ 69. Kg5 Rg1+ 70. Kxh5 Rg8 71. Rxa3 Re8 72. Ra5 Re6 73. Kg5 Rg6+ 74.
Kf5 Rg2 75. Bf4 Rf2 76. h4 Rf1 77. Ra7 Kg7 78. Ra2 Kh7 79. Rg2 Rh1 80. Rg4
Rf1 81. Kf6 Rf3 82. Kxf7 Kh8 83. Kf6 Rf1 84. Kf5 Kh7 85. Rg2 Rf3 86. Ra2
Rf1 87. h5 Rf2 88. Rxf2 1-0